Welfare Reform in the United States

Salvato in:
Dettagli Bibliografici
Autore principale: Nedde, Ellen
Natura: Libro
Lingua:inglese
Pubblicazione: Washington International Monetary Fund 1995
Edizione:1. ed.
Serie:IMF Working Paper 124
Soggetti:
Tags: Aggiungi Tag
Nessun Tag, puoi essere il primo ad aggiungerne!!

MARC

LEADER 00000nam a2200000 4500
001 c016124
005 20221205133658.5
041 0 |a eng 
044 |a US 
245 1 0 |a Welfare Reform in the United States  |c Ellen Nedde 
250 |a 1. ed. 
264 1 |a Washington  |b International Monetary Fund  |c 1995 
300 |a 15 s. 
490 1 |a IMF Working Paper  |v 124 
830 0 |a IMF Working Paper  |v 124 
610 2 0 |a starostlivosť sociálna 
610 2 0 |a reformy sociálne 
610 2 0 |a USA 
100 1 |a Nedde, Ellen